000 00659nam a2200217Ii 4500
003 JO-AjNU
008 230606s9999||||xx |||||||||||||| ||und||
020 _a978-0-273-69306-2/0-273-69306-9
040 _aJO-AjNU
_beng
_erda
_cJO-AjNU
041 _aeng
050 1 4 _aHD30.22.N453.2006
100 3 _aNellis,Joseph G /Parker,David,
_eauthor
_91818
245 0 0 _aPRINCIPLES OF BUSINESS ECONOMICS
250 _a2nd ed
264 3 1 _a Harlow, England ; New York: FT Prentice Hall.2006
300 _a421p
336 _atext
_btxt
_2rdacontent
337 _aunmediated
_bn
_2rdamedia
338 _avolume
_bnc
_2rdacarrier
650 4 _aManagerial economics
_91819
999 _aE958
_c958
_d958